Political theory: textbook for class XI / (Record no. 78)

000 -LEADER
fixed length control field 00497 a2200157 4500
008 - FIXED-LENGTH DATA ELEMENTS--GENERAL INFORMATION
fixed length control field 190917b ||||| |||| 00| 0 eng d
020 ## - INTERNATIONAL STANDARD BOOK NUMBER
International Standard Book Number 8174506136
082 00 - DEWEY DECIMAL CLASSIFICATION NUMBER
Classification number 320.05
Item number N3373
110 ## - MAIN ENTRY--CORPORATE NAME
9 (RLIN) 4922
Corporate name or jurisdiction name as entry element National Council of Educational Research and Training (NCERT)
245 ## - TITLE STATEMENT
Title Political theory: textbook for class XI /
250 ## - EDITION STATEMENT
Edition statement 1st ed.
260 ## - PUBLICATION, DISTRIBUTION, ETC. (IMPRINT)
Place of publication, distribution, etc New Delhi:
Name of publisher, distributor, etc National Council of Educational Research and Training,
Date of publication, distribution, etc 2006.
300 ## - PHYSICAL DESCRIPTION
Extent 158 p.
650 #0 - SUBJECT ADDED ENTRY--TOPICAL TERM
Topical term or geographic name as entry element Political Science
942 ## - ADDED ENTRY ELEMENTS (KOHA)
Source of classification or shelving scheme
Item type Books
Holdings
Withdrawn status Lost status Source of classification or shelving scheme Damaged status Not for loan Permanent location Current location Date acquired Source of acquisition Cost, normal purchase price Total Checkouts Full call number Barcode Date last seen Date last borrowed Cost, replacement price Koha item type
          IMU Kolkata IMU Kolkata 2018-12-15 Katha-O-Kahini 64.40 1 320.05 N3373 13507 2019-09-20 2019-09-20 70.00 Books
          IMU Kolkata IMU Kolkata 2018-12-15 Katha-O-Kahini 64.40   320.05 N3373 13508 2019-09-05   70.00 Books
          IMU Kolkata IMU Kolkata 2018-12-15 Katha-O-Kahini 64.40   320.05 N3373 13509 2019-09-05   70.00 Books
          IMU Kolkata IMU Kolkata 2018-12-15 Katha-O-Kahini 64.40   320.05 N3373 13510 2019-09-05   70.00 Books
Designed and Maintained by IMU-KC Library, Kolkata Campus © Copyright All Rights Reserved

webs counters

Powered by Koha